00000000nam##2200000za#4500
0019.610588
003CaOODSP
00520211117134605
007ta
008150406|1993||||xxc|||||     f|0| 0 eng|d
020 |a0-662-20886-2
040 |aCaOODSP|beng
043 |an-cn---
0861 |aEn106-20/1993E
1101 |aCanada. |bFederal Environmental Assessment Review Office.
24510|aHalifax harbour cleanup project
260 |aOttawa - Ontario : |bEnvironment Canada. |c1993.
300 |a79p. : |bfigs., references, tables ; |c28 cm.
4901 |aReport of the Canada-Nova Scotia Environmental Assessment Panel
500 |a"In November 1990, the federal and provincial Ministers of the Environment jointly appointed an independent Environmental Assessment Panel to conduct a review of the proposal by Halifax Harbour Cleanup Inc. (HHCI) to design and construct a Halifax-Dartmouth Metropolitan Sewage Treatment Facility (the "Project"). Further instructions from the Ministers made it clear that the Panel would also address the broader issue of regional wastewater management."--Summary.
5203 |aIn November 1990, the federal and provincial Ministers of the Environment jointly appointed an independent Environmental Assessment Panel to conduct a review of the proposal by Halifax Harbour Cleanup Inc. (HHCI) to design and construct a Halifax-Dartmouth Metropolitan Sewage Treatment Facility (the Project). Further instructions from the Ministers made it clear that the Panel would also address the broader issue of regional wastewater management.--Summary
563 |aSoftcover
590 |a93-38|b1993-09-24
69007|aWaste management|2gcpds
830#0|aReport of the Canada-Nova Scotia Environmental Assessment Panel.|w(CaOODSP)9.514540